000 00303 a2200133 4500
005 20250628120458.0
020 _a98765432
082 _a658 KIN
100 _aKINARD,J.
245 _aManagement
260 _aToronto
_bD.C. HEATH AND COMPANY
_c1988
300 _axxv,532p.
_bIndex
_c21cm.
942 _2ddc
_cBKS
999 _c5992
_d5992